000 00587nam a22001937a 4500
003 0
005 20240920141131.0
008 240920b xxu||||| |||| 00| 0 eng d
020 _a978-93-575179-4-2
050 _aJA 74
_b.B35 2024
100 _aBaird, Thea
245 _aPsychology of politics
_btheory and concepts
_cThea Baird
250 _aFirst edition
260 _aNew Delhi, India
_bRandom Publications LLP
_c2024
300 _aix, 268 pages ;
_c24cm.
504 _aIncludes bibliographical references and index.
650 _aPolitical psychology.
942 _2lcc
_cBK
999 _c366291
_d366291